<El> español con juegos y actividades nivel intermedio

Na minha lista:
Detalhes bibliográficos
Autor principal: Dominguez, Pablo Rocío
Formato: Livro
Idioma:espanhol
Publicado em: Recanati ELI 2004
Assuntos:
Tags: Adicionar Tag
Sem tags, seja o primeiro a adicionar uma tag!

MARC

LEADER 00000nam a2200000 4500
001 0242646
005 20240226134050.6
020 |a 978-88-536-0132-2 
041 0 |a spa 
044 |a IT 
245 1 0 |a <El> español con juegos y actividades  |b nivel intermedio  |c Pablo Rocío Dominguez 
264 1 |a Recanati  |b ELI  |c 2004 
300 |a 96 s. 
610 2 0 |a jazykoveda 
610 2 0 |a terminológia 
610 2 0 |a gramatika 
610 2 0 |a jazyky cudzie 
610 2 0 |a španielčina 
100 1 |a Dominguez, Pablo Rocío